Critical ideas in television studies (Record no. 39212)

MARC details
000 -LEADER
fixed length control field 00551nam a2200157 a 4500
008 - FIXED-LENGTH DATA ELEMENTS--GENERAL INFORMATION
fixed length control field 120416s1999 ||||||||||||||||| || u
020 ## - INTERNATIONAL STANDARD BOOK NUMBER
International Standard Book Number 0198742207
050 ## - LIBRARY OF CONGRESS CALL NUMBER
Classification number PN 1992.6 Cor
100 ## - MAIN ENTRY--PERSONAL NAME
Personal name Corner, John
245 10 - TITLE STATEMENT
Title Critical ideas in television studies
260 ## - PUBLICATION, DISTRIBUTION, ETC.
Place of publication, distribution, etc. Oxford:
Name of publisher, distributor, etc. Clarendon
Date of publication, distribution, etc. 1999
300 ## - PHYSICAL DESCRIPTION
Extent 139p.
350 ## - PRICE (NR) (BK AM CF MU VM SE) [OBSOLETE]
Price 0.00
650 ## - SUBJECT ADDED ENTRY--TOPICAL TERM
Topical term or geographic name entry element TELEVISION BROADCASTING--SOCIAL ASPECTS
995 ## - RECOMMENDATION 995 [LOCAL, UNIMARC FRANCE]
-- 0.00
-- CBU-MAIN LIBRARY (Kitwe)
-- 1
-- 21.99
-- 1
-- AVAILABLE
-- Main Library Open Access Collection
Holdings
Withdrawn status Lost status Source of classification or shelving scheme Damaged status Not for loan Home library Current library Shelving location Date acquired Total Checkouts Full call number Barcode Date last seen Price effective from Koha item type
          CBU-MAIN LIBRARY, KITWE. CBU-MAIN LIBRARY, KITWE.   11/30/2022   PN 1992.6 Cor 38938 11/30/2022 11/30/2022 MONOGRAPH